|
|
|
|
| LEADER |
01969nab#a2200385#ar4500 |
| 001 |
000124601 |
| 003 |
SVKKK |
| 005 |
20181204132114.0 |
| 008 |
181204c1910 xo |||||||||||||||b|hun |
| FMT |
|
|
|
| 015 |
|
|
|a SNBRB2013/
|
| 038 |
|
|
|a SVKKK
|
| 040 |
|
|
|a SVKKK
|b slo
|e AACR2
|
| 041 |
0 |
|
|a hun
|
| 044 |
|
|
|a xo
|c SK
|
| 080 |
|
|
|a 618
|2 2011
|
| 080 |
|
|
|a 37:618
|2 2011
|
| 242 |
1 |
0 |
|a Skúšky babíc
|y slo
|
| 245 |
1 |
0 |
|a Bábavizsgák
|
| 520 |
2 |
|
|a Správa o priebehu záverečných skúšok kurzu pôrodných babíc v slovenskom jazyku z oblasti Liptova, Zvolena, Novohradu a Gemera, ktoré sa konali z iniciatívy riaditeľa verejnej nemocnice v Rimavskej Sobote - Dr. Tomáša (Tamás) Löcherera dňa 30. marca 1910 v Rimavskej Sobote. V skúšobnej komisi zasadali: hlavný lekár Liptovskej župy Dr. Július (Gyula) Mikó, zástupca hlavného lekára Novohradskej župy Dr. Hugo Schőn, Dr. Mikuláš (Miklós) Meskó z Gemersko-malohontskej župy.
|
| 600 |
1 |
4 |
|a Löcherer, Tamás (Tomáš)
|c Dr.
|x hlavný lekár
|x riaditeľ
|u Verejná nemocnica
|z Rimavská Sobota (Slovensko)
|y 1910
|
| 600 |
1 |
4 |
|a Mikó, Gyula (Július)
|c Dr.
|x hlavný župný lekár
|z Liptovská župa (Slovensko)
|y 1910
|
| 600 |
1 |
4 |
|a Schőn, Hugó (Hugo)
|c Dr.
|x zástupca hlavného župného lekára
|z Novohradská župa
|y 1910
|
| 600 |
1 |
4 |
|a Meskó, Miklós (Mikuláš)
|c Dr.
|x lekár
|z Gemersko-malohontská župa
|y 1910
|
| 648 |
0 |
4 |
|a 1910
|
| 650 |
0 |
4 |
|a lekárske odborné kurzy
|x pôrodné babice
|x slovenské odborné vzdelávanie
|y 1910
|z Rimavská Sobota (Slovensko)
|
| 655 |
# |
4 |
|a hungariká
|
| 773 |
0 |
|
|t Gömöri Ujság : Szépirodalmi, társadalmi és közgazdasági hetilap
|g Roč. I, č. 1 (3. 4. 1910), s. 6.
|
| 958 |
|
|
|a HU
|
| 974 |
|
|
|a ebl
|
| 992 |
|
|
|a RBX
|
| 997 |
|
|
|b Liptó megye p. Liptovská župa
|b Nógrád megye p. Novohradská župa
|b Zólyom megye p. Zvolenská župa
|b Gömör-Kishont megye p. Gemersko-malohontská župa
|
| BAS |
|
|
|
| 852 |
|
|
|a SVKKK
|b BIB
|
| 998 |
|
|
|a RETRO
|